header

Speed learning for kids (Record no. 98904)

MARC details
000 -LEADER
fixed length control field 01102nam a2200289Ia 4500
100 1# - MAIN ENTRY--AUTHOR NAME
Personal name Handley, Bill.
245 10 - TITLE STATEMENT
Title Speed learning for kids
260 ## - PUBLICATION, DISTRIBUTION, ETC. (IMPRINT)
Place of publication Milton, Qld. :
Name of publisher Wrightbooks,
Year of publication 2012.
300 ## - PHYSICAL DESCRIPTION
Number of Pages xiv, 168 p.
500 ## - GENERAL NOTE
General note Includes index.
650 #0 - SUBJECT ADDED ENTRY--TOPICAL TERM
Topical Term Speed reading.
Topical Term Educational acceleration.
856 40 - ELECTRONIC LOCATION AND ACCESS
Uniform Resource Identifier http://site.ebrary.com/lib/rucke/Doc?id=10602127

No items available.

© 2026 Rongo University
Contact us: librarian | system librarian | Rongo university